Länder mit dem niedrigsten CO2-Ausstoß pro Kopf - Statistiken

Allgemein
  • Dieses Quiz wurde 44 mal gespielt
  • Das Durchschnittsergebnis liegt bei 18 aus 27
Antwortstatistiken
Platz Land Tonnen an CO2-Ausstoß pro Person % Korrekt
3. Tschad 0,05
88%
1. Demokratische Republik Kongo 0,03
86%
4. Mali 0,06
86%
4. Somalia 0,06
83%
8. Niger 0,1
81%
24. Gambia 0,28
79%
18. Guinea 0,23
79%
12. Eritrea 0,17
76%
6. Malawi 0,09
76%
6. Ruanda 0,09
76%
25. Sambia 0,29
76%
18. Guinea-Bissau 0,23
74%
11. Äthiopien 0,16
71%
1. Burundi 0,03
71%
12. Madagaskar 0,17
71%
18. Tansania 0,23
71%
10. Uganda 0,12
69%
8. Zentralafrikanische Republik 0,1
69%
22. Liberia 0,26
64%
21. Komoren 0,25
57%
14. Sierra Leone 0,19
57%
17. Osttimor 0,22
55%
23. Kiribati 0,27
50%
25. Vanuatu 0,29
45%
16. Salomonen 0,21
40%
25. Afghanistan 0,29
31%
14. Myanmar 0,19
21%
Keine übereinstimmenden Quizze gefunden
Verteilung der Resultate
Anzahl Personen mit jedem Resultat
Perzentil nach korrekt beantworteten Fragen
Ihre Resultats-Entwicklung
Sie haben dieses Quiz noch nicht gespielt